00506nam a2200157 i 450000100060000000300090000600500170001500700030003200800410003510000200007624500820009626000870017830000270026550000360029285200200032837497ES-MaACL20230906155603.0t|030311s1874 sp ||||1| spa d1 aCoello, Carlos.10aRoque Guinart b: drama en tres actos y en verso / cCarlos Coello y Pacheco. aMadrid : b[s.n., c1874?] (fImprenta de la Biblioteca de Instrucción y Recreo) aXXI, 132 p. ; c17 cm. aEn p. 132 consta el año 1874. aES-MaACLjD-341